Analýza rozpočtového hospodárenia v Maďarsku bakalárska práca

Na minha lista:
Detalhes bibliográficos
Autor principal: Konczer, András
Autor Corporativo: Národohospodárska fakulta EU. Katedra financií
Outros Autores: Beličková, Kornélia, 1966-
Formato: Livro
Idioma:eslovaco
Publicado em: Bratislava 2009
Tags: Adicionar Tag
Sem tags, seja o primeiro a adicionar uma tag!

MARC

LEADER 00000nam$a2200000$$$4500
001 0103091
005 20240318141218.3
041 0 |a slo 
044 |a SK 
245 1 0 |a Analýza rozpočtového hospodárenia v Maďarsku  |b bakalárska práca  |c András Konczer ; škol. Kornélia Beličková 
264 1 |a Bratislava  |c 2009 
300 |a 43 s. 
100 1 |a Konczer, András 
700 1 |a Beličková, Kornélia, 1966- 
710 2 |a Národohospodárska fakulta EU. Katedra financií